000 00320nam a22001337a 4500
008 170830b xxu||||| |||| 00| 0 eng d
020 _a9780205375202
041 _aeng
080 _a070
100 _a40
101 _aMED
245 _aINTERNATIONAL AND INTERCULTURALPUBLIC RELATIONS
_cPARKINSON,M.G
942 _2udc
_cBK
999 _c25648
_d25648